The age of grief. (Запис № 466252)

МАРК-запис
000 -LEADER
fixed length control field 01231nam a2200289L 4500
001 - CONTROL NUMBER
control field ageofgrief00smil
003 - CONTROL NUMBER IDENTIFIER
control field CaSfIA
005 - DATE AND TIME OF LATEST TRANSACTION
control field 20210117182408.0
007 - PHYSICAL DESCRIPTION FIXED FIELD--GENERAL INFORMATION
fixed length control field cr||||
008 - FIXED-LENGTH DATA ELEMENTS--GENERAL INFORMATION
fixed length control field 091205s1991 nyu 000 u eng d
040 ## - CATALOGING SOURCE
Original cataloging agency DKDLA
Language of cataloging dan
Transcribing agency DKDLA
Modifying agency CaSfIA
020 ## - INTERNATIONAL STANDARD BOOK NUMBER
International Standard Book Number 0804103682
020 ## - INTERNATIONAL STANDARD BOOK NUMBER
International Standard Book Number 9780804103688
035 ## - SYSTEM CONTROL NUMBER
System control number (OCoLC)473628702
084 ## - OTHER CLASSIFICATION NUMBER
Classification number 82/89(73)
Source of number z
029 0# - (OCLC)
OCLC library identifier DKDLA
System control number 27361391
100 1# - MAIN ENTRY--PERSONAL NAME
Personal name Smiley, Jane.
245 14 - TITLE STATEMENT
Title The age of grief.
Medium [electronic resource]
260 ## - PUBLICATION, DISTRIBUTION, ETC. (IMPRINT)
Place of publication, distribution, etc New York :
Name of publisher, distributor, etc Ivy Books,
Date of publication, distribution, etc 1988.
300 ## - PHYSICAL DESCRIPTION
Extent 181 s.
506 ## - RESTRICTIONS ON ACCESS NOTE
Standardized terminology for access restriction Необхідна авторизація на https://archive.org/ (створення облікового запису безкоштовно)
506 ## - RESTRICTIONS ON ACCESS NOTE
Standardized terminology for access restriction Необхідна авторизація на https://openlibrary.org/ (створення облікового запису безкоштовно)
856 41 - ELECTRONIC LOCATION AND ACCESS
Uniform Resource Identifier <a href="http://www.archive.org/details/ageofgrief00smil">http://www.archive.org/details/ageofgrief00smil</a>
Public note Free eBook from the Internet Archive
856 42 - ELECTRONIC LOCATION AND ACCESS
Uniform Resource Identifier <a href="http://www.openlibrary.org/books/OL24199619M">http://www.openlibrary.org/books/OL24199619M</a>
Public note Additional information and access via Open Library
942 ## - ADDED ENTRY ELEMENTS (KOHA)
Koha item type ЕКнига

Немає доступних примірників.